000 00748nam a2200229Ia 4500
001 15416
003 GE_BSU
008 181216s||||||||xx |||||||||||||| ||und||
040 _cGE_BSU
080 _a821.353.1-1
100 _aჩარკვიანი,ჯანსუღ
245 _aგრძელი დერეფანი.
245 _bლექსები
245 _cრედ.ვ.ჯავახაძე. მხატვ. ი.უთურაშვილი
260 _aთბილისი
260 _bსაბჭოთა საქართველო
260 _c1968
300 _a235გვ.14სმ.
653 _aგრძელი დერეფანი.
653 _aლექსები
942 _cBK
999 _c48519
_d48519